LEADER 01423nam a2200325 u 4500 001 000000086999 003 CaOOAMICUS 005 20070226124347.0 008 051007s2002 it u000 u ita u 020 $a8839406433 035 $a11062223 040 $aPUL$bita$dPUL 041 1 $aita$hger 100 1 $aKaiser, Otto,$d1924-2017.$0(OLS)http://pul/name/36239 240 10$aProphet Jesaja. Kapitel 13-39.$lItaliano.$0(OLS)http://pul/title/112641 245 10$aIsaia :$b(capp. 13-39) /$ctraduzione e commento di Otto Kaiser ; traduzione italiana di Aldo Audisio ; edizione italiana a cura di Corrado Martone. 260 $aBrescia :$bPaideia,$cc2002. 300 $a501 p. ;$c21 cm 490 1 $aAntico Testamento ;$v18 504 $aBibliografia a pič pagina. 630 04$aBiblia.$pV.T.$pIsaias.$nXIII-XXXIX.$0(OLS)http://pul/subject/28929 700 1 $aMartone, Corrado,$d1963-$0(OLS)http://pul/name/39564 700 1 $aAudisio, Aldo.$0(OLS)http://pul/name/12101 830 0$aAntico Testamento ;$v18.$0(OLS)http://pul/title/18620 850 $aPUL 852 $aPUL$W1$xSL Religione 1$y3$m1(6) H 18$j120170$nBK-PRI$qStampati$B110351$CPULBib$Z2$F110351 $H98638 $82 941 1 $a8 996 $6020$a8839406433$9(OLS)http://pul/number/114692 996 $6245$aIsaia :$b(capp. 13-39)$9(OLS)http://pul/title/112642 996 $6260$aBrescia :$bPaideia$9(OLS)http://pul/publisher/47884 LEADER 01542nam a2200325 a 4500 001 000000174015 003 CaOOAMICUS 005 20201203172439.0 008 201203s2020 it o 001 u ita r 020 $a978-88-3305-246-5* 032 $aLibriCat 040 $aPUL$bita 082 04$a248.4 100 1 $aMarchetto, Agostino,$carciv.,$d1940-$0(OLS)http://pul/name/20824 245 10$aGiovanni Paolo II il papa della famiglia :$bcon lettera di papa Francesco all'Autore /$cAgostino Marchetto. 260 $aChieti :$bSolfanelli,$c©2020. 300 $a54 p. :$bfoto a colori ;$c20 cm. 490 1 $aNova et vetera ;$v5 500 $aComprende indice. 500 $aContiene intervento dell'Autore al Convegno "Giovanni Paolo II, il Papa della Famiglia" tenutosi in Campidoglio (Roma) il 30 ottobre 2019. 650 4$aIohannes Paulus PP.$bII,$cs.,$d1920-2005$xConcezione della famiglia.$0(OLS)http://pul/subject/46356 830 0$aNova et vetera (Solfanelli) ;$v5.$0(OLS)http://pul/title/194156 850 $aPUL 852 $aPUL$W1$xSL Religione 3$y85$m248. 4 MARAG 1$j198277$qDDC 21$B202903$CPULBib$Z2$F202903 $H134589 $82 941 1 $a9 996 $6020$a978-88-3305-246-5*$9(OLS)http://pul/number/167894 996 $6082$a248.4$9(OLS)http://pul/classification/625 996 $6245$aGiovanni Paolo II il papa della famiglia :$bcon lettera di papa Francesco all'Autore$9(OLS)http://pul/title/215237 996 $6260$aChieti :$bSolfanelli$9(OLS)http://pul/publisher/82962